Flags For Past Empires - Sudden Death - Statistics

General Stats
  • This quiz has been taken 49 times
  • The average score is 5 of 24
Answer Stats
Picture Hint Answer % Correct
Holy Roman Empire No
73%
Maratha Empire Yes
73%
Finland No
55%
Ottoman Empire Yes
55%
Haiti Yes
30%
Romania Yes
27%
South Africa Yes
24%
Rhodesia Yes
21%
Sweden-Norway No
15%
Rwanda Yes
15%
Comoros Yes
15%
Qajar Iran Yes
15%
Kingdom of Portugal Yes
15%
Malawi No
12%
Poland No
12%
Weimar Republic Yes
12%
Cabo Verde No
9%
Aceh Sultanate No
9%
Suriname No
9%
Belarus Yes
9%
Kingdom of Armenia No
6%
Georgia Yes
6%
Canada No
3%
Maldives Yes
3%
No matching quizzes found
Score Distribution
Percent of People with Each Score
Percentile by Number Answered
Your Score History
You have not taken this quiz